[Event "Marburg op-B"]
[Site "Marburg"]
[Date "2023.10.28"]
[Round "4"]
[White "Fang, Borui"]
[Black "Dietrich, Fabian"]
[Result "0-1"]
[WhiteElo "1548"]
[BlackElo "1288"]
[PlyCount "106"]
[EventDate "2023.10.26"]
[EventType "swiss"]
[EventRounds "7"]
[EventCountry "GER"]
[SourceTitle "CB49_2023"]
[SourceDate "2023.12.06"]
[SourceVersion "1"]
[SourceVersionDate "2023.12.06"]
[SourceQuality "1"]

1. e4 e5 2. Nc3 Bc5 3. Nf3 Nc6 4. Nxe5 Bxf2+ 5. Kxf2 Nxe5 6. d4 Ng6 7. Bd3 Qf6+ 8. Qf3 Qxd4+ 9. Be3 Qf6 10. Rhe1 Qxf3+ 11. gxf3 c6 12. Bc4 N8e7 13. Rg1 f5 14. Raf1 fxe4 15. Nxe4 Nf5 16. Ng5 d5 17. Bd3 Nxe3 18. Kxe3 Ne5 19. Bxh7 Nc4+ 20. Kd4 Nxb2 21. Re1+ Kf8 22. Bg6 Rh4+ 23. Kc3 Na4+ 24. Kb3 Nc5+ 25. Kb2 Bd7 26. Nh7+ Kg8 27. Re7 Rxh2 28. Bh5 Kxh7 29. Rexg7+ Kh8 30. Bf7 Ne6 31. Bxe6 Bxe6 32. Rxb7 Bf5 33. Re1 Rh7 34. Rb3 Rc7 35. Rh1+ Kg7 36. f4 Re8 37. Rg3+ Kf7 38. Rg5 Be4 39. Rhg1 Kf6 40. R1g3 Ree7 41. Rg8 c5 42. c4 d4 43. Rd8 Rb7+ 44. Rb3 Rbd7 45. Rf8+ Rf7 46. Re8 Kf5 47. Rh3 Kg4 48. Rh6 Rxf4 49. Rg8+ Kf3 50. Rh3+ Ke2 51. Rh2+ Kd3 52. Rb8 Kxc4 53. Re2 Rb7+ 0-1

[Event "GER-chT U14"]
[Site "Kelheim"]
[Date "2022.12.29"]
[Round "5"]
[White "Dietrich, Fabian"]
[Black "Laux, Filip"]
[Result "1/2-1/2"]
[WhiteElo "1525"]
[BlackElo "1451"]
[PlyCount "88"]
[EventDate "2022.12.26"]
[EventType "team-swiss"]
[EventRounds "7"]
[EventCountry "GER"]
[SourceTitle "CBM 212 Extra"]
[Source "ChessBase"]
[SourceDate "2023.03.31"]
[SourceVersion "1"]
[SourceVersionDate "2023.03.31"]
[SourceQuality "1"]
[WhiteTeam "Marburg"]
[BlackTeam "Offenbach"]
[WhiteTeamCountry "GER"]
[BlackTeamCountry "GER"]

1. e4 c6 2. c4 d5 3. exd5 cxd5 4. cxd5 Nf6 5. Nc3 Nxd5 6. Bc4 Nb6 7. Bb3 Bf5 8. Qf3 Qd7 9. Nge2 e6 10. 0-0 Nc6 11. d4 Rd8 12. Bg5 Be7 13. Bxe7 Nxe7 14. Rfd1 Ned5 15. Nxd5 Nxd5 16. Nc3 Nxc3 17. bxc3 0-0 18. c4 Qc7 19. Rac1 Rc8 20. Rc3 Rfd8 21. Qe3 Qc6 22. Rdc1 Qe4 23. Qxe4 Bxe4 24. f3 Bf5 25. g4 Bg6 26. d5 Kf8 27. Kf2 Ke7 28. f4 h6 29. dxe6 fxe6 30. Ke3 Rc5 31. h4 h5 32. g5 Bf5 33. a4 g6 34. Rd1 Rxd1 35. Bxd1 Kd6 36. Kd4 b6 37. Bf3 Ra5 38. Bd1 e5+ 39. fxe5+ Rxe5 40. Bc2 Bxc2 41. Rxc2 Ra5 42. Ra2 Ke6 43. Ke4 Re5+ 44. Kd4 Rf5 1/2-1/2